banner-ar

المعدن العدنى فى فضل اويس القرنى / (Record no. 37645)

MARC details
000 -الفاتح
حقل البيانات ثابتة الطول 00681nam a2200205Ia 4500
008 - عناصر البيانات ثابتة الطول - معلومات عامة
حقل البيانات ثابتة الطول 140319s9999 xx 000 0 ara d
040 ## - مصدر الفهرسة
وكالة الفهرسة الأصلية GCL /
وكالة النسخ GCL
082 04 - رقم تصنيف ديوى العشرى
رقم التصنيف 922.6
رقم المادة م م
100 1# - المدخل الرئيسى - إسم شخصى
الإسم الشخصى ملا على القارى
245 10 - بيان العنوان
العنوان المعدن العدنى فى فضل اويس القرنى /
بيان المسئوليه,etc ملا على القارى
700 1# - المدخل الاضافى - اسم شخصى
الإسم الشخصى عبدالبارى محمد داود
250 ## - بيان الطبعة
بيان الطبعة الاولى
260 ## - PUBLICATION, DISTRIBUTION, ETC. (IMPRINT)
تاريخ النشر أو التوزيع 2002
300 ## - الوصف المادى
التعداد 455 ص ؛
أبعاد الوعاء 24 سم
650 04 - المدخل الاضافى بالموضوع-مصطلح موضوعى
مصطلح موضوعي الصحابة والتابعون
650 04 - المدخل الاضافى بالموضوع-مصطلح موضوعى
مصطلح موضوعي المتصوفون - تراجم
650 04 - المدخل الاضافى بالموضوع-مصطلح موضوعى
مصطلح موضوعي اويس القرنى
942 ## - عناصر المدخل الإضافي( كوها)
مصدر التصنيف او مخطط الترفيف Dewey Decimal Classification
Koha [default] item type كتاب
260 ## - PUBLICATION, DISTRIBUTION, ETC. (IMPRINT)
-- القاهرة :
-- دار نهضة الشرق ،
Holdings
حالة التراجع حالة الفقد حالة تلف ليس للاعارة المكان المؤقت الموقع الحالى تاريخ الاكتساب اجمالي اﻻعارات رقم الطلب الباركود تاريخ اخر مشاهدة تاريخ تفعيل السعر نوع وعاء كوها
        مكتبة القاهرة الكبرى مكتبة القاهرة الكبرى 03/26/2014   922.6\م م 91925 03/26/2014 03/26/2014 كتاب
        مكتبة القاهرة الكبرى مكتبة القاهرة الكبرى 03/26/2014   922.6\م م 91926 03/26/2014 03/26/2014 كتاب
        مكتبة القاهرة الكبرى مكتبة القاهرة الكبرى 03/26/2014   922.6\م م 91927 03/26/2014 03/26/2014 كتاب

Powered By

EGPV